| 000 | 01909cam a22004577a 4500 | ||
|---|---|---|---|
| 999 |
_c328616 _d328616 |
||
| 001 | 15865898 | ||
| 003 | Nust | ||
| 005 | 20170412153823.0 | ||
| 008 | 090812s2009 nyu j 000 1 eng d | ||
| 010 | _a 2009280763 | ||
| 020 | _a9780755346721 | ||
| 035 | _a(OCoLC)ocn262892579 | ||
| 040 |
_aBTCTA _cBTCTA _dIG$ _dABG _dEHH _dDLC |
||
| 042 | _alccopycat | ||
| 043 | _an-us-ny | ||
| 050 | 0 | 0 |
_aPZ7.V94 _bAd 2009 |
| 082 | 0 | 0 |
_a813.6 _bZIE |
| 100 | 1 | _aVon Ziegesar, Cecily. | |
| 245 | 1 | 0 |
_aAdored : _ban It Girl novel / _cby Cecily Von Ziegesar. |
| 250 | _a1st ed. | ||
| 260 |
_aNew York : _bLittle, Brown and Co., _c2009. |
||
| 300 |
_a243 p. ; _c21 cm. |
||
| 500 | _a"Poppy." | ||
| 520 | _aAs Waverly Academy gets ready for Christmas, Brett Messerschmidt wants a successful holiday party and a kiss from crush Sebastian Valenti, Tinsley Carmichael wants to unwrap her new boyfriend but instead finds out a secret about him, and Jenny Humphrey lands on Tinsley's hit list-- again. | ||
| 521 | 1 | _aAges 15 and up. | |
| 650 | 0 |
_aTeenage girls _vJuvenile fiction. |
|
| 650 | 0 |
_aInterpersonal relations _vJuvenile fiction. |
|
| 650 | 0 |
_aWealth _vJuvenile fiction. |
|
| 650 | 0 |
_aBoarding schools _vJuvenile fiction. |
|
| 650 | 0 |
_aSchools _vJuvenile fiction. |
|
| 650 | 0 | _aChristmas stories. | |
| 650 | 1 |
_aInterpersonal relations _vFiction. |
|
| 650 | 1 |
_aWealth _vFiction. |
|
| 650 | 1 |
_aBoarding schools _vFiction. |
|
| 650 | 1 |
_aSchools _vFiction. |
|
| 650 | 1 |
_aChristmas _vFiction. |
|
| 651 | 0 |
_aNew York (State) _vJuvenile fiction. |
|
| 651 | 1 |
_aNew York (State) _vFiction. |
|
| 906 |
_a7 _bcbc _ccopycat _d2 _encip _f20 _gy-gencatlg |
||
| 942 |
_2ddc _cBK |
||